Kalkulácia cien stavebných prác

Podrobná bibliografia
Hlavní autori: Mencl, Jiří, 1916-2005 (Autor), Prange, H. (Autor), Leimböck, E. (Autor), Klaus, R. (Autor)
Médium: Článok
Jazyk:slovenčina
Fyzický popis:Fotogr. 1
Predmet:

MARC

LEADER 00000nab a2200000 a 4500
001 vtls000519065
003 SK-MaSNL
005 20260305025934.0
008 250425c1994 xo 0 slo
015 |a SNBRB19rr/mm-uuuuu 
035 |a CL0519203 
035 |a urn:nbn:sk:snk-abf2ct 
035 |a (urnnbn)urn:nbn:sk:snk:ar-007gp7 
035 |a (uuid)2a262198-2375-488c-ae62-09e18306b99b 
040 |a SNKBUCL  |b slo  |c SNKBUCL  |e AACR2 
041 0 |a slo 
044 |a xo  |c SK 
080 |a 69:657.4  |2 1981 
080 |a 657.4  |2 1981 
100 1 |a Mencl, Jiří,  |d 1916-2005  |4 aut  |9 212343 
245 1 0 |a Kalkulácia cien stavebných prác  |c Juraj Mencl 
300 |b Fotogr. 1 
650 0 7 |a stavebníctvo  |2 snkbucl  |9 726 
650 0 7 |a ceny  |2 snkbucl  |9 2113 
650 0 7 |a kalkulácie  |2 snkbucl  |9 3716 
655 7 |a články z novín a časopisov  |2 snkbucl  |9 267496 
700 1 |a Prange, H.  |4 aut  |9 1606611 
700 1 |a Leimböck, E.  |4 aut  |9 1606612 
700 1 |a Klaus, R.  |4 aut  |9 814019 
773 0 |t Inžinierske stavby  |g Roč. 42, č. 1 (1994), s. 44 
787 0 8 |i Rec.:  |a Prange, H.  |t Kalkulácia cien stavebných prác  |d Bratislava : Best Publishing, 1993 
850 |a Slovenská národná knižnica 
852 |a Slovenská národná knižnica 
954 |a odborná, vedecká literatúra pôvodná (slovenská)  |2 lita 
958 |a article2022 
958 |a RK 
958 |a OND 
958 |a EUIPO 
992 |a RBX 
999 |c 3308286  |d 3310216